000
00224nam a2200121Ia 4500
100
_a
NADAR NARAYANAN
942
_c
BK
366
_f
25
245
_a
STATISCS
260
_b
P.H.I.
_c
2011
300
_a
438
546
_a
ENGLISH
999
_c
32904
_d
32904